| 000 -LEADER |
| fixed length control field |
00715cam a2200229 a 4500 |
| 020 ## - INTERNATIONAL STANDARD BOOK NUMBER |
| ISBN |
0072368683 (acidfree paper) |
| 040 ## - CATALOGING SOURCE |
| Transcribing agency |
DLC |
| 082 00 - DEWEY DECIMAL CLASSIFICATION NUMBER |
| Classification number |
512 HIL 2001 A057 Or. |
| 100 1# - MAIN ENTRY--AUTHOR NAME |
| Personal name |
Barnett, Raymond A. |
| 245 10 - TITLE STATEMENT |
| Title |
College algebra. |
| 250 ## - EDITION STATEMENT |
| Edition statement |
7th ed. / |
| 260 ## - PUBLICATION, DISTRIBUTION, ETC. (IMPRINT) |
| Place of publication |
Boston : |
| Name of publisher |
McGraw Hill, |
| Year of publication |
2001. |
| 300 ## - PHYSICAL DESCRIPTION |
| Number of Pages |
xxiv, 658 p. : |
| Other physical details |
col. ill. ; |
| Dimensions |
27 cm. |
| 490 1# - SERIES STATEMENT |
| Series statement |
Barnett, Ziegler & Byleen's precalculus series |
| 500 ## - GENERAL NOTE |
| General note |
Includes indexes. |
| 650 #0 - SUBJECT ADDED ENTRY--TOPICAL TERM |
| Topical Term |
Algebra. |
| 700 1# - ADDED ENTRY--PERSONAL NAME |
| Personal name |
Ziegler, Michael R. |
| 700 1# - ADDED ENTRY--PERSONAL NAME |
| Personal name |
Byleen, Karl E. |
| 856 42 - ELECTRONIC LOCATION AND ACCESS |
| Uniform Resource Identifier |
http://www.loc.gov/catdir/enhancements/fy0668/00035143-d.html |
| 856 41 - ELECTRONIC LOCATION AND ACCESS |
| Uniform Resource Identifier |
http://www.loc.gov/catdir/enhancements/fy0668/00035143-t.html |
| 942 ## - ADDED ENTRY ELEMENTS (KOHA) |
| Koha item type |
សៀវភៅភាសាអង់គ្លេស |
| 952 ## - LOCATION AND ITEM INFORMATION (KOHA) |
| Withdrawn status [LOCAL, KOHA] |
0 |